000 00735nam a2200289Ia 4500
005 20260324133717.0
008 008 260324s9999 xx 000 0 eng d
020 _a9780203010396
037 _aEBOOK
040 _aCRL
040 _beng
040 _cCRL
041 _2eng
041 _aeng
084 _qCRL
100 _aAndrew Jordan; Rudiger K.W. Wurzel; Anthony R. Zito
_91194102
245 0 _aNew Instruments of Environmental Governance?
245 0 _bNational Experiences and Prospects
260 _bTaylor and Francis
260 _c2003
365 _a
365 _b240
856 _uhttp://www.taylorfrancis.com/books/9780203010396
942 _cEBOOK
999 _c1793442
_d1793442